| 000 | 00655nam a2200277Ia 4500 | ||
|---|---|---|---|
| 001 | Z_4507 | ||
| 003 | CHAP | ||
| 008 | 220113s19XX xx 000 0 und d | ||
| 010 | _a167582 | ||
| 040 | _cCHAP | ||
| 090 | _aFolleto 48 | ||
| 100 |
_aPolanco Jaime, Alejanadro _9141832 |
||
| 245 |
_aEficiencia reproductiva del ganado bovino lechero / _cpor Alejanadro Polanco Jaimes |
||
| 260 |
_as.l. : _bs.n., _c19XX |
||
| 300 | _a21 h. | ||
| 440 | _a | ||
| 500 | _a | ||
| 503 | _a | ||
| 650 |
_aGanado lechero _xReproducción _945294 |
||
| 901 | _aFolleto 48 | ||
| 902 | _aA | ||
| 910 | _a19XX | ||
| 942 | _cc14 | ||
| 942 | _cc14 | ||
| 999 |
_c167582 _d167582 |
||